Database system concepts (Record no. 180281)
[ view plain ]
| 000 -LEADER | |
|---|---|
| fixed length control field | 00464nam a2200169Ia 4500 |
| 005 - DATE AND TIME OF LATEST TRANSACTION | |
| control field | 20250225110538.0 |
| 008 - FIXED-LENGTH DATA ELEMENTS--GENERAL INFORMATION | |
| fixed length control field | 231217s9999 xx 000 0 und d |
| 020 ## - INTERNATIONAL STANDARD BOOK NUMBER | |
| International Standard Book Number | 9780071244763 |
| 082 ## - DEWEY DECIMAL CLASSIFICATION NUMBER | |
| Classification number | 001.644 SIL;37 |
| 100 ## - MAIN ENTRY--PERSONAL NAME | |
| Personal name | Silberschatz, Abraham. Korth, Henry F. Sudarshan, S. |
| 245 #0 - TITLE STATEMENT | |
| Title | Database system concepts |
| 250 ## - EDITION STATEMENT | |
| Edition statement | 5th ed. |
| 260 ## - PUBLICATION, DISTRIBUTION, ETC. (IMPRINT) | |
| Date of publication, distribution, etc. | 2006 |
| Name of publisher, distributor, etc. | McGraw-Hill, |
| Place of publication, distribution, etc. | Boston |
| 300 ## - PHYSICAL DESCRIPTION | |
| Extent | xxiv+1142 |
| 650 ## - SUBJECT ADDED ENTRY--TOPICAL TERM | |
| Topical term or geographic name as entry element | Database,system,concepts |
| 942 ## - ADDED ENTRY ELEMENTS (KOHA) | |
| Koha item type | Books |
| Date last seen | Total Checkouts | Full call number | Accession number | Old discount | Cost, replacement price | Price effective from | Category | Lost status | Damaged status | Department | Withdrawn status | bill no. | bill date | Permanent Location | Current Location | Shelving location | Entry date | Vendor | Cost, normal purchase price | Grants | Currency symbol | Conversion rate | Discount | Discount type |
|---|---|---|---|---|---|---|---|---|---|---|---|---|---|---|---|---|---|---|---|---|---|---|---|---|
| 26/01/2024 | 001.644 SIL;37 | 48336 | 25 | 241.70 | 26/01/2024 | Books | MCA | 45786 | 09/03/2009 | Central Library | Central Library | MCA | 21/02/2008 | Book Paradise | 7.75 | MCA | USD | 41.6 | 1.94 | Rupees | ||||
| 26/01/2024 | 001.644 SIL;38 R | 48337 | 25 | 241.70 | 26/01/2024 | Books | Central Library | 45786 | 21/01/2009 | Central Library | Central Library | Central Library | 21/02/2008 | Book Paradise | 7.75 | MCA | USD | 41.6 | 1.94 | Rupees |
